Peintures célèbres en Rébus - Statistiques

Statistiques générales
  • Ce quiz a été pris 480 fois
    445 depuis la dernière actualisation
  • Le résultat moyen est 8 sur 10
Réponses sur la Carte
Les réponses sont colorées sur une échelle allant du rouge au vert en fonction du pourcentage des utilisateurs qui les ont devinées à leur premier essai. Vous pouvez retrouver ces pourcentages ci-dessous.
 
Statistiques - réponses
Rébus n° Peinture associée % Correct
3 La Joconde
90%
9 Les Nymphéas
87%
5 La Cène
85%
6 La Naissance de Vénus
85%
8 La Nuit Étoilée
85%
1 La Liberté Guidant le Peuple
83%
4 Le Baiser
76%
7 Le Déjeuner sur l'Herbe
70%
10 Guernica
66%
2 La Jeune Fille à la Perle
60%
Aucun quiz correspondant
Distribution des résultats
% des personnes avec chaque résultat
Percentile par nombre de réponses
Votre historique - résultats
Vous n’avez pas pris ce quiz depuis la dernière actualisation